[Event "Junior Online 4NCL Division 3"]
[Site "online"]
[Date "2021.09.02"]
[EventDate "2021.09.02"]
[Round "2.98"]
[White "Mo, Alex"]
[WhiteElo "1304"]
[WhiteTeam "Desert Penguins Saturn"]
[Black "Srinivasan, Gowri"]
[BlackElo "1205"]
[BlackTeam "Edgware Gambits D"]
[Result "1-0"]
[PlyCount "77"]

1. d4 d5 2. c4 e6 3. Nc3 Nf6 4. Bg5 Nbd7 5. cxd5 h6 6. Bxf6 Nxf6 7. dxe6 Bxe6 8. e3 Bb4 9. a3 Bxc3+ 10. bxc3 O-O 11. Bd3 b6 12. Nf3 c5 13. Qa4 Bd5 14. Be2 cxd4 15. cxd4 Ne4 16. O-O Nc3 17. Qc2 Nxe2+ 18. Qxe2 Rc8 19. Rfc1 b5 20. Qxb5 Bxf3 21. gxf3 Re8 22. Rc5 Re6 23. Rac1 Rxc5 24. Qxc5 Rg6+ 25. Kf1 Qh4 26. Qc8+ Kh7 27. h3 Qh5 28. f4 Qf3 29. Qf5 Qh1+ 30. Ke2 Qxc1 31. h4 Kg8 32. h5 Rc6 33. Qa5 Rc2+ 34. Kf3 Qd1+ 35. Kg2 Qg4+ 36. Kh1 Rc1+ 37. Kh2 Qh4+ 38. Kg2 Qxh5 39. Qxh5 1-0

[Event "Junior Online 4NCL Division 3"]
[Site "online"]
[Date "2021.09.02"]
[EventDate "2021.09.02"]
[Round "2.101"]
[White "Bedretdinov, Rasul"]
[WhiteElo "1155"]
[WhiteTeam "Tetherdown Bishops"]
[Black "Stehlin, Nathan"]
[BlackElo "1370"]
[BlackTeam "JHJ Shark Tank 6"]
[Result "0-1"]
[PlyCount "128"]

1. e4 c5 2. Nf3 e6 3. d4 d5 4. Bd3 Nf6 5. Nc3 c4 6. Be2 dxe4 7. Nd2 Bb4 8. Nxc4 Nc6 9. Be3 O-O 10. O-O b6 11. h3 Bxc3 12. bxc3 Bb7 13. f3 exf3 14. Bxf3 Nd5 15. Bd2 Rc8 16. Ne3 Nxe3 17. Bxe3 Qd7 18. Qe1 Ne7 19. Bxb7 Qxb7 20. Qg3 Rxc3 21. Qf2 Qe4 22. Rac1 Qxe3 23. Qxe3 Rxe3 24. Rcd1 Rc3 25. d5 Nxd5 26. Rf2 Rfc8 27. Rc1 g6 28. Kh2 Nb4 29. Rcf1 R8c7 30. a4 Rxc2 31. Rf4 R2c4 32. R4f2 Nd5 33. Ra2 Nc3 34. Raf2 Nxa4 35. Re2 Nc3 36. Ref2 Nd5 37. Ra2 f5 38. Re1 Kf7 39. Rae2 R7c6 40. Ra1 a5 41. Rae1 Nc7 42. Re5 R4c5 43. Rxc5 Rxc5 44. Rb1 b5 45. Ra1 a4 46. Rb1 a3 47. Ra1 b4 48. Ra2 Rb5 49. Ra1 b3 50. Rxa3 b2 51. Rc3 b1=Q 52. Rxc7+ Kg8 53. Rc8+ Kg7 54. Rc7+ Kh6 55. Rc3 e5 56. Re3 e4 57. Re2 Qd3 58. Rf2 e3 59. Rf4 e2 60. Rh4+ Kg7 61. Ra4 e1=Q 62. Ra7+ Kh6 63. Ra4 Qd6+ 64. g3 Rb2# 0-1

[Event "Junior Online 4NCL Division 3"]
[Site "online"]
[Date "2021.09.02"]
[EventDate "2021.09.02"]
[Round "2.102"]
[White "Agbota, Fenu"]
[WhiteElo "1300"]
[WhiteTeam "JHJ Shark Tank 6"]
[Black "Kirk, Alex"]
[BlackElo "1111"]
[BlackTeam "Tetherdown Bishops"]
[Result "1-0"]
[PlyCount "31"]

1. e4 e5 2. Nf3 Nc6 3. d4 exd4 4. Bc4 d6 5. Nxd4 Nxd4 6. Qxd4 Nf6 7. Bg5 h6 8. Bh4 g5 9. Bg3 Bd7 10. O-O Qe7 11. e5 dxe5 12. Bxe5 Bg7 13. Nc3 O-O-O 14. Qxa7 Bc6 15. Rad1 Qxe5 16. Qa8# 1-0

[Event "Junior Online 4NCL Division 3"]
[Site "online"]
[Date "2021.09.02"]
[EventDate "2021.09.02"]
[Round "2.103"]
[White "Murphy, Sam"]
[WhiteElo "1105"]
[WhiteTeam "Tetherdown Bishops"]
[Black "Nilim, Armaan"]
[BlackElo "1327"]
[BlackTeam "JHJ Shark Tank 6"]
[Result "0-1"]
[PlyCount "110"]

1. d4 d5 2. c4 e5 3. dxe5 d4 4. Nf3 Nc6 5. e3 Bb4+ 6. Bd2 dxe3 7. fxe3 Bxd2+ 8. Qxd2 Qxd2+ 9. Nbxd2 Nge7 10. Be2 O-O 11. O-O Be6 12. b3 Rad8 13. Rad1 Nf5 14. Rfe1 Nxe3 15. Rc1 Nf5 16. Bd1 Nb4 17. a3 Nd3 18. Bc2 Nxc1 19. Rxc1 Nd4 20. Nxd4 Rxd4 21. Nf3 Rdd8 22. Ng5 h6 23. Nf3 Bg4 24. Ne1 Rfe8 25. h3 Be2 26. e6 Rxe6 27. Bf5 Rf6 28. g4 g6 29. Kf2 gxf5 30. gxf5 Bh5 31. Ng2 Rxf5+ 32. Kg1 Rg5 33. Rf1 Rd2 34. Rf2 Rxf2 35. Kxf2 Bd1 36. Ne3 Bxb3 37. c5 Bd5 38. c6 Bxc6 39. h4 Re5 40. Ng4 Rf5+ 41. Kg3 Rf3+ 42. Kh2 Rxa3 43. Nxh6+ Kh7 44. Ng4 Ra2+ 45. Kh3 Bd7 46. Kg3 Bxg4 47. Kxg4 a5 48. h5 a4 49. Kg5 a3 50. h6 Rg2+ 51. Kf6 a2 52. Kxf7 a1=Q 53. Ke8 Qe5+ 54. Kd8 Rg8+ 55. Kd7 Qd6# 0-1

[Event "Junior Online 4NCL Division 3"]
[Site "online"]
[Date "2021.09.02"]
[EventDate "2021.09.02"]
[Round "2.104"]
[White "Pipalia, Rishi"]
[WhiteElo "1310"]
[WhiteTeam "JHJ Shark Tank 6"]
[Black "Thorburn, Rory"]
[BlackElo "1128"]
[BlackTeam "Tetherdown Bishops"]
[Result "1-0"]
[PlyCount "45"]

1. e4 e5 2. Nf3 Nc6 3. Bc4 Nf6 4. Ng5 d5 5. exd5 Nxd5 6. Nxf7 Kxf7 7. Qf3+ Ke6 8. Nc3 Nb4 9. Bb3 c6 10. a3 Na6 11. d3 Bc5 12. O-O Rf8 13. Qh3+ Ke7 14. Qxh7 Be6 15. Bxd5 cxd5 16. Bg5+ Rf6 17. Qxg7+ Kd6 18. Bxf6 Qb6 19. Qe7+ Kc6 20. Qxe6+ Kc7 21. Nxd5+ Kb8 22. Qe8+ Qd8 23. Qxd8# 1-0

[Event "Junior Online 4NCL Division 3"]
[Site "online"]
[Date "2021.09.02"]
[EventDate "2021.09.02"]
[Round "2.105"]
[White "Stehlin, Nathan"]
[WhiteElo "1370"]
[WhiteTeam "JHJ Shark Tank 6"]
[Black "Bedretdinov, Rasul"]
[BlackElo "1155"]
[BlackTeam "Tetherdown Bishops"]
[Result "1-0"]
[PlyCount "61"]

1. c4 e5 2. e3 Nf6 3. d4 exd4 4. exd4 d5 5. Nf3 c6 6. Nc3 Bb4 7. a3 Be7 8. Be2 O-O 9. O-O h6 10. Bf4 Bd6 11. Bxd6 Qxd6 12. Re1 Ne4 13. Bd3 Nxc3 14. bxc3 Nd7 15. cxd5 cxd5 16. Bc2 Nf6 17. Qd3 Qf4 18. Re7 b6 19. Rae1 Bg4 20. Ne5 Bh5 21. Nd7 Bg6 22. Nxf6+ Qxf6 23. Qd2 Bxc2 24. Qxc2 Qd6 25. Qb3 a5 26. Rb7 Ra6 27. a4 Qc6 28. Rbe7 Rc8 29. Qc2 Qxc3 30. Re8+ Rxe8 31. Rxe8# 1-0

[Event "Junior Online 4NCL Division 3"]
[Site "online"]
[Date "2021.09.02"]
[EventDate "2021.09.02"]
[Round "2.106"]
[White "Kirk, Alex"]
[WhiteElo "1111"]
[WhiteTeam "Tetherdown Bishops"]
[Black "Agbota, Fenu"]
[BlackElo "1300"]
[BlackTeam "JHJ Shark Tank 6"]
[Result "0-1"]
[PlyCount "62"]

1. e4 c6 2. Nf3 d5 3. exd5 cxd5 4. Bd3 Nc6 5. O-O e5 6. Re1 Bd6 7. Nc3 Nf6 8. Ng5 h6 9. Nf3 O-O 10. Bb5 Bg4 11. h3 Bh5 12. d3 Nd4 13. Re3 Nxf3+ 14. gxf3 d4 15. Re2 Bxf3 16. Bc4 dxc3 17. bxc3 Qd7 18. Qf1 Bxe2 19. Qxe2 Qxh3 20. Qf1 Qxf1+ 21. Kxf1 Bc5 22. Rb1 Rab8 23. Be3 Bxe3 24. fxe3 Ng4 25. Ke2 h5 26. Rh1 g6 27. Kf3 Kg7 28. e4 f5 29. exf5 Rxf5+ 30. Ke4 Rd8 31. Rb1 Rf4# 0-1

[Event "Junior Online 4NCL Division 3"]
[Site "online"]
[Date "2021.09.02"]
[EventDate "2021.09.02"]
[Round "2.107"]
[White "Nilim, Armaan"]
[WhiteElo "1327"]
[WhiteTeam "JHJ Shark Tank 6"]
[Black "Murphy, Sam"]
[BlackElo "1105"]
[BlackTeam "Tetherdown Bishops"]
[Result "1-0"]
[PlyCount "67"]

1. d4 d5 2. Nc3 Nf6 3. Bf4 Nc6 4. Nb5 Rb8 5. Bxc7 Qd7 6. Bxb8 Qf5 7. a3 Ne4 8. f3 Ng5 9. e3 Qe6 10. Nc7+ Kd7 11. Nxe6 Nxe6 12. Bg3 Kd8 13. Bd3 Ke8 14. Bb5 Bd7 15. Bxc6 Bxc6 16. Ne2 Nd8 17. Nc3 e6 18. O-O Be7 19. e4 dxe4 20. fxe4 Bg5 21. d5 exd5 22. exd5 Bd7 23. Qh5 Bf6 24. Bd6 g6 25. Rfe1+ Be7 26. Rxe7+ Kf8 27. Rxd7+ Kg7 28. Be5+ Kf8 29. Qh6+ Ke8 30. Rc7 f6 31. Qg7 Nc6 32. Rc8+ Nd8 33. Bxf6 Rg8 34. Rxd8# 1-0

[Event "Junior Online 4NCL Division 3"]
[Site "online"]
[Date "2021.09.02"]
[EventDate "2021.09.02"]
[Round "2.108"]
[White "Thorburn, Rory"]
[WhiteElo "1128"]
[WhiteTeam "Tetherdown Bishops"]
[Black "Pipalia, Rishi"]
[BlackElo "1310"]
[BlackTeam "JHJ Shark Tank 6"]
[Result "0-1"]
[PlyCount "72"]

1. e4 e5 2. Nf3 Nf6 3. Nxe5 Nc6 4. Nf3 Bc5 5. Bc4 Ng4 6. O-O h5 7. Ng5 Qxg5 8. d4 Qh4 9. h3 Bxd4 10. Be3 Bxe3 11. fxe3 Nxe3 12. Qf3 Qg5 13. Qxf7+ Kd8 14. Rf2 Ne5 15. Qf4 Qxf4 16. Rxf4 N5xc4 17. Nc3 Nxc2 18. Rc1 N2e3 19. b3 Nb2 20. Nb5 Nd3 21. Nxc7 Nxc1 22. Nxa8 Nxa2 23. Rf3 Nc2 24. Rf2 Ncb4 25. e5 b6 26. Rd2 Bb7 27. e6 d5 28. Re2 Bxa8 29. e7+ Kd7 30. Kf2 Re8 31. Re5 Nd3+ 32. Kg1 Nxe5 33. Kh2 Rxe7 34. g3 Rf7 35. h4 Ng4+ 36. Kh3 Rf2 0-1

[Event "Junior Online 4NCL Division 3"]
[Site "online"]
[Date "2021.09.02"]
[EventDate "2021.09.02"]
[Round "2.112"]
[White "Narasimhan, Srivathsan"]
[WhiteElo "501"]
[WhiteTeam "East Kilbride Rooks"]
[Black "Davies, Milo"]
[BlackElo "1482"]
[BlackTeam "Young Dragons B"]
[Result "0-1"]
[PlyCount "58"]

1. e4 d5 2. Nc3 d4 3. Nd5 e6 4. Nf4 e5 5. Nd5 c6 6. Nf3 cxd5 7. exd5 Qxd5 8. Bd3 Nf6 9. O-O Nc6 10. b3 Be7 11. Bc4 Qd6 12. d3 O-O 13. Bg5 Bg4 14. h3 Bh5 15. g4 Bg6 16. h4 Nxg4 17. Bxe7 Qxe7 18. Re1 Bh5 19. Bd5 Rfd8 20. Be4 Rac8 21. Kh1 Nxf2+ 22. Kg1 Nxd1 23. Raxd1 Bxf3 24. Bxf3 Qxh4 25. Be4 Nb4 26. Re2 Rxc2 27. Rxc2 Nxc2 28. Rd2 Ne3 29. Rh2 Qe1# 0-1

[Event "Junior Online 4NCL Division 3"]
[Site "online"]
[Date "2021.09.02"]
[EventDate "2021.09.02"]
[Round "2.113"]
[White "Ryan, Tabitha"]
[WhiteElo "1435"]
[WhiteTeam "Young Dragons B"]
[Black "Vinodh, Sampriti"]
[BlackElo "336"]
[BlackTeam "East Kilbride Rooks"]
[Result "1-0"]
[PlyCount "77"]

1. d4 d5 2. Bf4 Nc6 3. Nf3 Nf6 4. e3 Bf5 5. Bd3 Bxd3 6. Qxd3 e6 7. Nbd2 Bb4 8. a3 Bxd2+ 9. Nxd2 Qd7 10. c4 dxc4 11. Nxc4 O-O 12. h4 a6 13. h5 h6 14. Rc1 b5 15. Ne5 Nxe5 16. Bxe5 Rac8 17. Bxf6 gxf6 18. f4 f5 19. Rg1 Rfe8 20. g4 fxg4 21. Rxg4+ Kf8 22. Qh7 Ke7 23. Qxh6 Kd6 24. Qg5 Qd8 25. Qc5+ Kd7 26. Rg7 Rf8 27. Rd1 Qh4+ 28. Kd2 Qxh5 29. Qxh5 Rh8 30. Qxf7+ Kc6 31. Qxe6+ Kb7 32. Rc1 Rhd8 33. Qc6+ Kb8 34. Qxa6 Rd6 35. Rc6 Rxc6 36. Qxc6 Ka7 37. Rxc7+ Kb8 38. Qb6+ Ka8 39. Rxc8# 1-0

[Event "Junior Online 4NCL Division 3"]
[Site "online"]
[Date "2021.09.02"]
[EventDate "2021.09.02"]
[Round "2.115"]
[White "Biswas, Snigdha"]
[WhiteElo "548"]
[WhiteTeam "East Kilbride Rooks"]
[Black "Chung, Daniel"]
[BlackElo "1479"]
[BlackTeam "Young Dragons B"]
[Result "0-1"]
[PlyCount "84"]

1. e4 c5 2. Nc3 e6 3. Nf3 Nc6 4. d4 cxd4 5. Nxd4 Bb4 6. Bb5 Nf6 7. Bxc6 bxc6 8. Bg5 h6 9. Bxf6 Qxf6 10. Ne2 O-O 11. O-O Ba6 12. h3 Bxc3 13. bxc3 Bxe2 14. Qxe2 Qxc3 15. Qd1 Rab8 16. Qxd7 a5 17. Qa7 Ra8 18. Qc7 Qxc2 19. e5 Rfc8 20. Qd6 Rd8 21. Qc7 Rdc8 22. Qd6 a4 23. Rfc1 Qe4 24. f3 Qd5 25. Qxd5 exd5 26. f4 c5 27. f5 c4 28. e6 fxe6 29. fxe6 Kf8 30. Re1 Ke7 31. g4 Rab8 32. Rac1 c3 33. Rf1 Kxe6 34. Rf4 c2 35. Rxa4 Rb1 36. Ra6+ Ke5 37. Ra8 Rxc1+ 38. Kg2 Rxa8 39. Kg3 Rg1+ 40. Kh4 c1=Q 41. g5 Qf4+ 42. Kh5 Qxg5# 0-1

[Event "Junior Online 4NCL Division 3"]
[Site "online"]
[Date "2021.09.02"]
[EventDate "2021.09.02"]
[Round "2.116"]
[White "Davies, Milo"]
[WhiteElo "1482"]
[WhiteTeam "Young Dragons B"]
[Black "Narasimhan, Srivathsan"]
[BlackElo "501"]
[BlackTeam "East Kilbride Rooks"]
[Result "1-0"]
[PlyCount "67"]

1. e4 e5 2. Nf3 Nc6 3. Bc4 Nf6 4. Ng5 d5 5. exd5 Na5 6. Bb5+ c6 7. dxc6 bxc6 8. Be2 h6 9. Nf3 Be7 10. Nc3 O-O 11. O-O Bb7 12. d4 exd4 13. Qxd4 Qc7 14. Bf4 Qc8 15. Rad1 Rd8 16. Qe3 Ng4 17. Qxe7 Re8 18. Qc7 Qf5 19. Bd3 Qc5 20. Ne4 Qf5 21. Nd6 Qxf4 22. Nxe8 Qxc7 23. Nxc7 Rd8 24. Bh7+ Kxh7 25. Rxd8 c5 26. h3 Nf6 27. Re1 Nc4 28. b3 Na3 29. c4 a5 30. Nd5 Nxd5 31. cxd5 Nc2 32. Ree8 Nb4 33. Ne5 h5 34. Rh8# 1-0

[Event "Junior Online 4NCL Division 3"]
[Site "online"]
[Date "2021.09.02"]
[EventDate "2021.09.02"]
[Round "2.117"]
[White "Vinodh, Sampriti"]
[WhiteElo "336"]
[WhiteTeam "East Kilbride Rooks"]
[Black "Ryan, Tabitha"]
[BlackElo "1435"]
[BlackTeam "Young Dragons B"]
[Result "0-1"]
[PlyCount "66"]

1. e4 d6 2. Nc3 Nf6 3. d4 g6 4. Nf3 Bg7 5. Bc4 Nc6 6. Bf4 Bg4 7. h3 Bxf3 8. gxf3 Nh5 9. Bg5 Nxd4 10. Nd5 Ne6 11. Be3 Nf6 12. Nxf6+ Bxf6 13. Bb5+ c6 14. Bc4 Nc7 15. Qd2 d5 16. Bf4 e5 17. Bb3 exf4 18. Qxf4 dxe4 19. fxe4 Qe7 20. O-O-O Bg5 21. Qd2 Bxd2+ 22. Rxd2 Rd8 23. Rhd1 Rxd2 24. Rxd2 Qg5 25. a4 O-O 26. Bc4 Rd8 27. b3 Qxd2+ 28. Kb2 Qxf2 29. Kc3 Qf3+ 30. Kb4 Qxe4 31. Kc3 Qd4+ 32. Kb4 c5+ 33. Ka5 b6# 0-1

[Event "Junior Online 4NCL Division 3"]
[Site "online"]
[Date "2021.09.02"]
[EventDate "2021.09.02"]
[Round "2.121"]
[White "Gururaj, Rithwik"]
[WhiteElo "1601"]
[WhiteTeam "Leeds Juniors 1"]
[Black "Spitz, Danny"]
[BlackElo "1370"]
[BlackTeam "Coldfall Bishops"]
[Result "1-0"]
[PlyCount "75"]

1. d4 Nf6 2. c4 g6 3. Nc3 Bg7 4. e4 d6 5. Nf3 Nbd7 6. Bg5 O-O 7. Bd3 e5 8. d5 Nb6 9. O-O Bg4 10. b4 a5 11. c5 axb4 12. cxb6 bxc3 13. bxc7 Qxc7 14. h3 Bd7 15. Qe2 Rfe8 16. Rfc1 Rac8 17. a4 Qa5 18. Qc2 Rc7 19. Qb3 Rec8 20. Be3 Qa8 21. Bb6 Rc5 22. Bxc5 Rxc5 23. Rxc3 Rxc3 24. Qxc3 Qe8 25. a5 Nh5 26. Qb4 Nf4 27. Bf1 f5 28. exf5 e4 29. Nd4 gxf5 30. Rc1 Nxd5 31. Qxd6 Bxd4 32. Qxd5+ Be6 33. Qxd4 Qg6 34. Qd8+ Kg7 35. Rc7+ Bf7 36. Qd4+ Kh6 37. Qe3+ Kg7 38. Bc4 1-0

[Event "Junior Online 4NCL Division 3"]
[Site "online"]
[Date "2021.09.02"]
[EventDate "2021.09.02"]
[Round "2.122"]
[White "Haga, Xander"]
[WhiteElo "1175"]
[WhiteTeam "Coldfall Bishops"]
[Black "Rowe, Angelica"]
[BlackElo "1449"]
[BlackTeam "Leeds Juniors 1"]
[Result "0-1"]
[PlyCount "112"]

1. e4 e5 2. Nf3 Nc6 3. Nc3 Bc5 4. Nxe5 Bxf2+ 5. Kxf2 Nxe5 6. d4 Ng6 7. Bd3 Qf6+ 8. Ke1 Qxd4 9. Nb5 Qb6 10. Bf4 Nxf4 11. Qf3 Nxd3+ 12. Qxd3 Ne7 13. Rf1 O-O 14. b3 c6 15. Nd6 Ng6 16. Qc4 Qe3+ 17. Kd1 Ne5 18. Qb4 c5 19. Qa4 Qd4+ 20. Qxd4 cxd4 21. Kd2 b6 22. Rf5 f6 23. h3 Ba6 24. g4 Ng6 25. Rd5 Ne5 26. c4 dxc3+ 27. Kxc3 Nf7 28. Nf5 Rac8+ 29. Kb2 Rc7 30. Rh1 Re8 31. Rd4 Bb7 32. Ng3 Ng5 33. h4 Nxe4 34. Nxe4 Rxe4 35. Rd6 Re2+ 36. Ka3 Bxh1 37. Rd1 Bf3 38. Rg1 Rcc2 39. Rg3 Rxa2+ 40. Kb4 a5+ 41. Kb5 Bc6+ 42. Kxb6 Re6 43. Kc7 Rc2 44. Kd8 Kf7 45. g5 Re8+ 46. Kc7 Ba8+ 47. Kxd7 Rd2+ 48. Kc7 fxg5 49. Rf3+ Bxf3 50. Kb6 Rc2 51. hxg5 Re6+ 52. Kxa5 Rec6 53. Kb5 Be2+ 54. Kb4 Rc8 55. Ka3 Rb8 56. Ka4 Ra2# 0-1

[Event "Junior Online 4NCL Division 3"]
[Site "online"]
[Date "2021.09.02"]
[EventDate "2021.09.02"]
[Round "2.123"]
[White "Krishnan, Aditya"]
[WhiteElo "1436"]
[WhiteTeam "Leeds Juniors 1"]
[Black "Haga, Viktor"]
[BlackElo "1173"]
[BlackTeam "Coldfall Bishops"]
[Result "0-1"]
[PlyCount "92"]

1. c4 e5 2. Nc3 Nc6 3. g3 b6 4. Bg2 Bb7 5. e4 Nf6 6. d3 Bb4 7. Ne2 O-O 8. O-O Nd4 9. Nxd4 exd4 10. Nd5 Nxd5 11. cxd5 c6 12. dxc6 dxc6 13. Bf4 Bd6 14. Bd2 c5 15. Rc1 Ba6 16. Qb3 Rb8 17. f4 Be7 18. Rf3 Rc8 19. Qa4 Bb7 20. Qxa7 Bc6 21. Qa6 Ra8 22. Qc4 b5 23. Qb3 Bd7 24. a3 Rb8 25. Qd1 Be6 26. f5 Bc8 27. b4 cxb4 28. Bxb4 Bxb4 29. axb4 Qe7 30. Qb3 Qg5 31. Rf4 h5 32. Rc5 Qh6 33. Bf3 Ra8 34. Qb2 Rd8 35. f6 gxf6 36. Rxh5 Qf8 37. Rfh4 Kg7 38. Rh7+ Kg6 39. R7h6+ Qxh6 40. Rxh6+ Kxh6 41. Qd2+ Kg7 42. Kg2 Be6 43. Qe1 Ra2+ 44. Kg1 Rda8 45. Qb1 Ra1 46. Qxa1 Rxa1+ 0-1

[Event "Junior Online 4NCL Division 3"]
[Site "online"]
[Date "2021.09.02"]
[EventDate "2021.09.02"]
[Round "2.124"]
[White "Agasee, Emilio"]
[WhiteElo "1191"]
[WhiteTeam "Coldfall Bishops"]
[Black "Sasikumar, Navaneeth"]
[BlackElo "1402"]
[BlackTeam "Leeds Juniors 1"]
[Result "0-1"]
[PlyCount "80"]

1. e4 c6 2. d4 d5 3. exd5 cxd5 4. Bd3 Nf6 5. Nf3 Bg4 6. Nbd2 Nc6 7. c3 e6 8. h3 Bh5 9. O-O Bd6 10. g4 Bg6 11. Qe2 O-O 12. Nb3 Qc7 13. Bg5 Ne4 14. Qe3 Nxg5 15. Qxg5 Bxd3 16. Rfe1 Bf4 17. Qh5 Bg6 18. Qh4 Bd6 19. Nc5 Be7 20. Qg3 Qxg3+ 21. fxg3 Bxc5 22. dxc5 Rac8 23. Ne5 Nxe5 24. Rxe5 Rxc5 25. a3 Rb5 26. b4 Rb6 27. Rf1 Rc6 28. Rc1 Rfc8 29. Re3 d4 30. Rf3 Rxc3 31. Rfxc3 Rxc3 32. Rd1 e5 33. a4 d3 34. Kf2 e4 35. Ke3 f5 36. gxf5 Bxf5 37. h4 Bg6 38. Rd2 Rc2 39. Rxc2 dxc2 40. Kd2 e3+ 0-1

[Event "Junior Online 4NCL Division 3"]
[Site "online"]
[Date "2021.09.02"]
[EventDate "2021.09.02"]
[Round "2.125"]
[White "Spitz, Danny"]
[WhiteElo "1370"]
[WhiteTeam "Coldfall Bishops"]
[Black "Gururaj, Rithwik"]
[BlackElo "1601"]
[BlackTeam "Leeds Juniors 1"]
[Result "1/2-1/2"]
[PlyCount "144"]

1. e4 c5 2. Nf3 d6 3. d4 cxd4 4. Nxd4 Nf6 5. Nc3 g6 6. Bg5 Bg7 7. Qd2 O-O 8. Bh6 Nc6 9. Nxc6 bxc6 10. O-O-O Be6 11. Bxg7 Kxg7 12. h4 h5 13. f3 Qb6 14. g4 Rfb8 15. b3 a5 16. gxh5 Nxh5 17. Qd4+ Qxd4 18. Rxd4 c5 19. Rd3 c4 20. Rd4 cxb3 21. cxb3 Rc8 22. Kb2 Bd7 23. e5 Rc6 24. Bb5 Rc7 25. exd6 exd6 26. Rxd6 Bf5 27. Bd3 Bxd3 28. Rxd3 Rac8 29. Rc1 Nf4 30. Rd4 Ne6 31. Rd5 Nf4 32. Rd4 Ne6 33. Rd5 Nc5 34. Ne2 Rc6 35. a3 R6c7 36. b4 axb4 37. axb4 Na6 38. Rxc7 Rxc7 39. b5 Nb4 40. Rd4 Nc2 41. b6 Rc6 42. Rd1 Ne3 43. Rd3 Rc2+ 44. Kb3 Rxe2 45. b7 Re1 46. Rd2 Nc4 47. Kxc4 Rb1 48. Rd7 Kf6 49. Kc5 Ke6 50. Rc7 f6 51. Kc6 g5 52. hxg5 fxg5 53. Rc8 Rc1+ 54. Kb6 Rb1+ 55. Kc7 Rc1+ 56. Kb8 Rf1 57. Ka8 Ra1+ 58. Kb8 Ra3 59. Rc7 Rxf3 60. Rc6+ Kd7 61. Rg6 Ra3 62. Rxg5 Ra1 63. Rc5 Ra2 64. Rc3 Rd2 65. Ka7 Ra2+ 66. Kb6 Rb2+ 67. Ka6 Ra2+ 68. Kb6 Rb2+ 69. Kc5 Rxb7 70. Rd3+ Ke6 71. Kc6 Rb1 72. Re3+ Kf5 1/2-1/2

[Event "Junior Online 4NCL Division 3"]
[Site "online"]
[Date "2021.09.02"]
[EventDate "2021.09.02"]
[Round "2.126"]
[White "Rowe, Angelica"]
[WhiteElo "1449"]
[WhiteTeam "Leeds Juniors 1"]
[Black "Haga, Xander"]
[BlackElo "1175"]
[BlackTeam "Coldfall Bishops"]
[Result "1-0"]
[PlyCount "45"]

1. e4 e5 2. Bc4 Bc5 3. Ne2 Nf6 4. d3 h6 5. O-O Nc6 6. Be3 Bb6 7. Bxb6 axb6 8. f4 exf4 9. Nxf4 O-O 10. Nh5 Nxh5 11. Qxh5 d6 12. Rxf7 Rxf7 13. Bxf7+ Kh8 14. Nc3 Qf6 15. Rf1 Qd4+ 16. Kh1 Ne5 17. Bb3 Bd7 18. Nd5 Be6 19. Nxc7 Rc8 20. Nxe6 Qxb2 21. d4 Nc6 22. Nxg7 Qxd4 23. Qxh6# 1-0

[Event "Junior Online 4NCL Division 3"]
[Site "online"]
[Date "2021.09.02"]
[EventDate "2021.09.02"]
[Round "2.127"]
[White "Haga, Viktor"]
[WhiteElo "1173"]
[WhiteTeam "Coldfall Bishops"]
[Black "Krishnan, Aditya"]
[BlackElo "1436"]
[BlackTeam "Leeds Juniors 1"]
[Result "0-1"]
[PlyCount "50"]

1. e4 c5 2. Bc4 e6 3. Nf3 Nf6 4. Nc3 a6 5. O-O b5 6. Bd3 Be7 7. e5 Nd5 8. Nxd5 exd5 9. b3 O-O 10. c4 bxc4 11. bxc4 d4 12. Be4 Ra7 13. Rb1 Nc6 14. h3 Qc7 15. Bxc6 Qxc6 16. Re1 f6 17. exf6 Bxf6 18. d3 d6 19. Bg5 Bxg5 20. Nxg5 h6 21. Nf3 Raf7 22. Qb3 Bxh3 23. gxh3 Rxf3 24. Rf1 Rxh3 25. Qd1 Qh1# 0-1

[Event "Junior Online 4NCL Division 3"]
[Site "online"]
[Date "2021.09.02"]
[EventDate "2021.09.02"]
[Round "2.128"]
[White "Sasikumar, Navaneeth"]
[WhiteElo "1402"]
[WhiteTeam "Leeds Juniors 1"]
[Black "Agasee, Emilio"]
[BlackElo "1191"]
[BlackTeam "Coldfall Bishops"]
[Result "0-1"]
[PlyCount "92"]

1. d4 d5 2. Bf4 Nc6 3. Nf3 Bf5 4. c3 e6 5. e3 Nf6 6. Bd3 Bxd3 7. Qxd3 Bd6 8. Bg3 Ne4 9. Nbd2 Nxd2 10. Qxd2 O-O 11. O-O-O a5 12. Qc2 a4 13. e4 Ra7 14. exd5 exd5 15. Bxd6 Qxd6 16. h4 Rfa8 17. Ng5 Qh6 18. Kb1 a3 19. b3 f6 20. Ne6 b6 21. Qf5 Qg6 22. Qxg6 hxg6 23. Nf4 Kf7 24. Nxd5 Ne7 25. Nxe7 Kxe7 26. h5 gxh5 27. Rxh5 Ra5 28. Re1+ Kf7 29. Rh3 Rb5 30. Rhe3 c5 31. d5 Rd8 32. c4 Ra5 33. Re7+ Kg6 34. Rb7 Ra6 35. Ree7 Rg8 36. d6 b5 37. d7 Rd6 38. Kc2 bxc4 39. bxc4 Rd8 40. Rxg7+ Kxg7 41. Ra7 R6xd7 42. Rxa3 Rd2+ 43. Kb3 R8d3+ 44. Ka4 Rxa3+ 45. Kxa3 Rxf2 46. Ka4 Rxa2+ 0-1

[Event "Junior Online 4NCL Division 3"]
[Site "online"]
[Date "2021.09.02"]
[EventDate "2021.09.02"]
[Round "2.131"]
[White "Zhu, Pengxiao"]
[WhiteElo "1515"]
[WhiteTeam "London Dragons Americium"]
[Black "Jaiswal, Naina"]
[BlackElo "1103"]
[BlackTeam "Uxbridge C"]
[Result "1-0"]
[PlyCount "105"]

1. d4 e5 2. dxe5 Bc5 3. Nc3 Nc6 4. Nf3 d6 5. exd6 Qxd6 6. Qxd6 Bxd6 7. Nb5 Nf6 8. Nxd6+ cxd6 9. Bf4 d5 10. e3 Nb4 11. Bb5+ Bd7 12. Bxd7+ Nxd7 13. Nd4 Rc8 14. O-O Nxc2 15. Rac1 O-O 16. Rxc2 Rxc2 17. Nxc2 Rc8 18. Nd4 Nc5 19. Rc1 b6 20. b4 g6 21. bxc5 bxc5 22. Nb5 Rd8 23. Rxc5 h6 24. Bxh6 g5 25. Bxg5 f6 26. Bxf6 Rf8 27. Be7 Re8 28. Rc7 a6 29. Nd6 Ra8 30. h3 a5 31. Kh2 Rb8 32. f4 Rb2 33. f5 Rxa2 34. f6 Rf2 35. f7+ Kg7 36. f8=Q+ Rxf8 37. Bxf8+ Kxf8 38. Rc5 a4 39. Rxd5 a3 40. Rd2 Ke7 41. Ra2 Kxd6 42. Rxa3 Kd5 43. h4 Ke4 44. h5 Kf5 45. h6 Kg6 46. Ra6+ Kh7 47. e4 Kh8 48. e5 Kh7 49. e6 Kxh6 50. e7+ Kg7 51. e8=Q Kh7 52. Qe7+ Kg8 53. Ra8# 1-0

[Event "Junior Online 4NCL Division 3"]
[Site "online"]
[Date "2021.09.02"]
[EventDate "2021.09.02"]
[Round "2.132"]
[White "Prabhushankar, Arivukkathir"]
[WhiteElo "1091"]
[WhiteTeam "Uxbridge C"]
[Black "Xu, Jiarui"]
[BlackElo "1452"]
[BlackTeam "London Dragons Americium"]
[Result "0-1"]
[PlyCount "24"]

1. e4 e5 2. Nf3 Nc6 3. Bc4 Bc5 4. Ng5 Qxg5 5. O-O Qe7 6. Qg4 Qf6 7. a3 d5 8. Bxd5 Bxg4 9. Bxc6+ bxc6 10. d3 Be2 11. Re1 Qxf2+ 12. Kh1 Qxe1# 0-1

[Event "Junior Online 4NCL Division 3"]
[Site "online"]
[Date "2021.09.02"]
[EventDate "2021.09.02"]
[Round "2.133"]
[White "Shi, Shaoquan"]
[WhiteElo "1501"]
[WhiteTeam "London Dragons Americium"]
[Black "Sundararaju, Ritvik"]
[BlackElo "934"]
[BlackTeam "Uxbridge C"]
[Result "1-0"]
[PlyCount "23"]

1. d4 e6 2. c4 d5 3. Nc3 dxc4 4. e4 Bb4 5. Bxc4 Bxc3+ 6. bxc3 Nf6 7. Bg5 O-O 8. e5 Bd7 9. exf6 gxf6 10. Bh6 Re8 11. Qg4+ Kh8 12. Qg7# 1-0

[Event "Junior Online 4NCL Division 3"]
[Site "online"]
[Date "2021.09.02"]
[EventDate "2021.09.02"]
[Round "2.134"]
[White "Patel, Mayun"]
[WhiteElo "856"]
[WhiteTeam "Uxbridge C"]
[Black "Gan, Mark"]
[BlackElo "1362"]
[BlackTeam "London Dragons Americium"]
[Result "0-1"]
[PlyCount "52"]

1. e4 c5 2. Nf3 g6 3. Ne5 d6 4. Bc4 dxe5 5. Qf3 e6 6. d4 exd4 7. O-O Bg7 8. Rd1 Nd7 9. c3 Ne7 10. Rxd4 cxd4 11. cxd4 Bxd4 12. Bg5 Ne5 13. Qf6 Nxc4 14. Na3 Bxf6 15. Nxc4 Bxg5 16. Ne3 O-O 17. Rd1 Qa5 18. g3 Qxa2 19. f4 Bh6 20. Ng4 Bg7 21. e5 Nd5 22. Nf6+ Nxf6 23. exf6 Bxf6 24. g4 Qxb2 25. g5 Bd4+ 26. Kf1 Qf2# 0-1